Famous Athletes by Picture - Statistics

General Stats
  • This quiz has been taken 90 times
  • The average score is 34 of 56
Answer Stats
Picture Answer % Correct
Serena Williams
95%
Tiger Woods
94%
Muhammad Ali
91%
Kobe Bryant
90%
Lionel Messi
88%
Cristiano Ronaldo
87%
Kylian Mbappe
86%
LeBron James
86%
Michael Jordan
86%
Michael Phelps
85%
Tom Brady
83%
Mike Tyson
82%
Shaquille O'Neal
82%
Pele
79%
Simone Biles
79%
Stephen Curry
79%
Roger Federer
76%
Connor McGregor
74%
Patrick Mahomes
74%
Diego Maradona
73%
Lewis Hamilton
73%
Luka Dončić
73%
Neymar Jr
72%
Kevin Durant
69%
Novak Djokovic
68%
Max Verstappen
67%
Wayne Gretzky
67%
James Harden
65%
Travis Kelce
65%
Magic Johnson
64%
Giannis Antetokounmpo
60%
Rafael Nadal
60%
Zinedine Zidane
60%
Lamine Yamal
56%
Carlos Alcaraz
54%
Floyd Mayweather
54%
Peyton Manning
54%
Charles Leclerc
50%
Shohei Ohtani
49%
Aaron Judge
45%
Tyson Fury
44%
Manny Pacquiao
42%
Andy Murray
40%
Jon Jones
40%
Alex Morgan
37%
Mia Hamm
33%
Freddie Freeman
32%
Khabib Nurmagomedov
29%
Sergio Perez
29%
Illia Topuria
26%
Max Holloway
26%
Saul Alvarez
26%
Alexia Putellas
24%
Gervonta Davis
24%
Terence Crawford
22%
Victor Wenbayama
1%
No matching quizzes found
Score Distribution
Percent of People with Each Score
Percentile by Number Answered
Your Score History
You have not taken this quiz